000 00808nam a2200253Ia 4500
003 OSt
005 20221002045411.0
006 a|||||r|||| 00| 0
007 ta
008 220930b |||||||| |||| 00| 0 eng d
020 _a9781462509997 (hbk)
_c7610
024 _a14793
037 _b41677, 26/08/2014, Segment Book Distributors
_cReference Collections
040 _aCRL
_cCRL
_beng
041 _2eng
_aeng
082 _aS:4g, Q3(RR)
100 _aRobinson Michael D Ed.
_934916
245 0 _aHandbook of cognition and emotion
260 _aNew York
_bThe Guilford Press
_c2013
300 _axiii,594p.
_ccm.
650 _aPSYCHOLOGY
942 _hS:4g, Q3(RR)
_cref
_2CC
999 _c912296
_d912296